| Поле | Инд. | ПП | Название | Значение |
|---|---|---|---|---|
| Тип записи | a | |||
| Библиографический уровень | b | |||
| 001 | Контрольный номер | UNIDUBNAcf713639b23445b8b0a128f2e4ad563b | ||
| 005 | Дата корректировки | 20250327164956.5 | ||
| 008 | Кодируемые данные | 20170331 | ||
| 040 | b | Код языка каталог. | rus | |
| e | Правила каталог. | PSBO | ||
| 041 | 0_ | a | Код языка текста | rus |
| 084 | a | Индекс другой классификации/Индекс ББК | 60.991.3-35; 88.93 | |
| 100 | 1_ | a | Автор | Тимофеева Н. Б. |
| 245 | 10 | a | Заглавие | Интегрированный подход педагога-психолога по рекомендации, коррекции и поиску внутренних ресурсов у воспитанников социально-реабилитационного центра для несовершеннолетних |
| 520 | 0_ | a | Аннотация | О работе педагога-психолога, направленной на компенсацию психического развития ребенка после получения эмоциональной травмы, создание условий для гармонического формирования личности ребенка, его социальной адаптации. Педагог-психолог оказывает помощь в проведении психокоррекционной работы с детьми, имеющими внутренние проблемы, с детьми-сиротами и детьми, оказавшимися в трудной жизненной ситуации. |
| 650 | 14 | a | Основная рубрика | практическая психология (прикладная психология) |
| a | Основная рубрика | психокоррекция | ||
| a | Основная рубрика | психология | ||
| a | Основная рубрика | социальная работа | ||
| 653 | 0_ | a | Ключевые слова | дети-сироты |
| a | Ключевые слова | индивидуальный подход | ||
| a | Ключевые слова | комплексная реабилитация | ||
| a | Ключевые слова | коррекционно-реабилитационная работа | ||
| a | Ключевые слова | несовершеннолетние | ||
| a | Ключевые слова | педагог-психолог | ||
| a | Ключевые слова | подростки | ||
| a | Ключевые слова | психосоциальная реабилитация | ||
| a | Ключевые слова | развивающая среда | ||
| a | Ключевые слова | реабилитационные технологии | ||
| a | Ключевые слова | семья | ||
| a | Ключевые слова | социализация | ||
| a | Ключевые слова | социальная интеграция | ||
| a | Ключевые слова | социальная реабилитация | ||
| a | Ключевые слова | социальное сопровождение | ||
| a | Ключевые слова | социально-реабилитационные центры | ||
| a | Ключевые слова | социальные проекты | ||
| a | Ключевые слова | трудная жизненная ситуация | ||
| a | Ключевые слова | центры социального обслуживания | ||
| a | Ключевые слова | эмоциональные расстройства | ||
| 773 | 08 | t | Заглавие источника | Работник социальной службы |
| d | Дата издания источника | 2023 | ||
| g | Прочая информация | № 5. - С. 61 - 67 | ||
| w | Контрольный № источника | UNIDUBNAee29d0d809f141f5aaf6905265ca30a0 | ||
| 901 | t | Тип документа | b |